000 00768nam a2200217 i 4500
001 27567
003 ES-MaACL
005 20250702194537.0
007 t|
008 030115s1943 sp f |||| | spa d
080 _a9(44)"1848/1870"
100 0 _aAubry, Octave.
_d1881-1946
_923828
245 1 3 _aEl Segundo Imperio /
_cOctave Aubry ; traducción de Fabricio Valserra ; ilustraciones de Luciano Olivares.
260 _aBarcelona :
_bCaralt,
_c[1943] (
_fTalls. Gráfs. Soc. de Publicaciones)
300 _a567 p., 41 lám. ;
_c23 cm.
651 7 _aFrancia-
_xHistoria-
_y1852-1870, Segundo Imperio
_2
_9146277
700 1 _aValserra, Fabricio.
_9112988
700 1 _aOlivares, Luciano.
_986769
852 _aES-MaACL
_jC-1466
999 _c27567
_d27567